[Event "ch-SRB"]
[Site "Kragujevac SRB"]
[Date "2010.05.01"]
[Round "13"]
[White "Pikula,D"]
[Black "Perunovic,Mil"]
[Result "1/2-1/2"]
[WhiteElo "2535"]
[BlackElo "2574"]

1.e4 c5 2.Nf3 d6 3.Bb5+ Bd7 4.Bxd7+ Qxd7 5.c4 Nf6 6.Nc3 Nc6 7.O-O g6 8.d4 cxd4
9.Nxd4 Bg7 10.Nde2 O-O 11.f3 Rac8 12.Be3  1/2-1/2

[Event "ch-CZE"]
[Site "Ostrava CZE"]
[Date "2010.05.01"]
[Round "1"]
[White "Olsarova,K"]
[Black "Michenka,J"]
[Result "1-0"]
[WhiteElo "2191"]
[BlackElo "2390"]

1.e4 c5 2.Nf3 d6 3.Bb5+ Bd7 4.Bxd7+ Nxd7 5.c4 Ngf6 6.Nc3 e6 7.O-O Be7 8.d4 cxd4
9.Nxd4 O-O 10.b3 d5 11.exd5 exd5 12.cxd5 Bb4 13.Bb2 Rc8 14.Rc1 Bxc3 15.Rxc3 Rxc3
16.Bxc3 Nxd5 17.Bb2 N7f6 18.Nf5 Qd7 19.Qf3 Re8 20.h3 Re4 21.Nxg7 Rf4 22.Qg3 Ne4
23.Qd3 Nc5 24.Qc2 Qb5 25.Rd1 Nd7 26.Nh5  1-0

[Event "4NCL 2009-10"]
[Site "Sunningdale ENG"]
[Date "2010.05.01"]
[Round "9"]
[White "Wall,G"]
[Black "Gordon,S"]
[Result "0-1"]
[WhiteElo "2296"]
[BlackElo "2535"]

1.e4 c5 2.Nf3 d6 3.Bb5+ Bd7 4.a4 Nc6 5.d3 g6 6.O-O Bg7 7.Nbd2 Nf6 8.Nc4 O-O
9.Re1 d5 10.exd5 Nxd5 11.a5 Nd4 12.Bxd7 Qxd7 13.Ng5 h6 14.Ne4 Qc6 15.c3 Ne6
16.Qf3 Rad8 17.h4 Qc7 18.g3 Rd7 19.Bd2 Rfd8 20.Rad1 Nf8 21.Bc1 b5 22.axb6 axb6
23.Kg2 b5 24.Na3 b4 25.Nb5 Qb6 26.c4 Nc7 27.Nxc7 Qxc7 28.h5 g5 29.Qf5 e6
30.Qxc5 Qb7 31.Kg1 f5 32.Nxg5 hxg5 33.Bxg5 Bd4 34.Qb5 Qf3  0-1

[Event "2nd Milko Bobotsov Mem"]
[Site "Sofia BUL"]
[Date "2010.05.02"]
[Round "3"]
[White "Vlashki,N"]
[Black "Stoyanov,Stefan"]
[Result "1-0"]
[WhiteElo "2232"]
[BlackElo "1834"]

1.e4 c5 2.Nf3 d6 3.Bb5+ Nd7 4.d4 cxd4 5.Qxd4 a6 6.Bxd7+ Bxd7 7.Nc3 Nf6 8.Bg5 e6
9.O-O-O Bc6 10.Rhe1 Be7 11.Kb1 O-O 12.Qd2 Qb6 13.Nd4 a5 14.a4 Rfd8 15.f3 Qc7
16.g4 Qd7 17.Ndb5 d5 18.e5 Ne8 19.h4 Nc7 20.Nxc7 Qxc7 21.Qd4 Rdb8 22.Nb5 Bxb5
23.Bxe7 Bxa4 24.Qxa4 Qxe7 25.g5 b5 26.Qg4 Rc8 27.f4 Qc5 28.Re2 a4 29.g6 a3
30.gxh7+ Kh8 31.Rg2 g6 32.Qg5 Qf8 33.b3 Qd8 34.Qg3 a2+ 35.Ka1 Qa5 36.Rd3 Qa3
37.Qe1 Rc7 38.h5 gxh5 39.b4 Qa7 40.Qg3  1-0

[Event "4NCL 2009-10"]
[Site "Sunningdale ENG"]
[Date "2010.05.02"]
[Round "10"]
[White "Naylor,J"]
[Black "O'Neill,P"]
[Result "0-1"]
[WhiteElo "2189"]
[BlackElo "2163"]

1.e4 c5 2.Nf3 d6 3.Bb5+ Bd7 4.Bxd7+ Qxd7 5.O-O Nf6 6.Qe2 Nc6 7.c3 e6 8.d4 cxd4
9.cxd4 d5 10.e5 Ne4 11.Nc3 Nxc3 12.bxc3 Be7 13.Ng5 Rc8 14.f4 g6 15.g4 h6
16.Nh3 Kd8 17.f5 g5 18.Bd2 Kc7 19.f6 Ba3 20.Qb5 Kb8 21.Qb3 Bf8 22.a4 Na5
23.Qb5 Qxb5 24.axb5 Nb3 25.Ra2 Nxd2 26.Rxd2 Rxc3 27.Nf2 Bb4 28.Nd3 Ba5 29.Nc5 Rxc5  0-1

[Event "ch-CZE"]
[Site "Ostrava CZE"]
[Date "2010.05.03"]
[Round "3"]
[White "Biolek,R1"]
[Black "Skliba,M"]
[Result "1-0"]
[WhiteElo "2405"]
[BlackElo "2309"]

1.e4 c5 2.Nf3 d6 3.Bb5+ Bd7 4.Bxd7+ Qxd7 5.O-O Nc6 6.c3 Nf6 7.Re1 e6 8.d4 cxd4
9.Nxd4 Be7 10.c4 O-O 11.Nc3 Rac8 12.b3 Rfd8 13.Bb2 a6 14.Rc1 Nxd4 15.Qxd4 b5
16.cxb5 axb5 17.h3 Qb7 18.a3 d5 19.exd5 Bc5 20.Qe5 exd5 21.Ne4 dxe4 22.Rxc5 Rxc5
23.Qxc5 Qd5 24.Qxd5 Rxd5 25.Bxf6 gxf6 26.Rxe4 Rd1+ 27.Kh2 Ra1 28.a4 bxa4
29.bxa4 f5 30.Rf4 Kg7 31.g3 Kg6 32.Kg2 Rb1 33.Kf3 Re1 34.Rc4 Ra1 35.Ke3 Ra3+
36.Ke2 Ra2+ 37.Kf1 Ra3 38.Rf4 Rc3 39.Ke2 Rc1 40.Kd2 Rc5 41.Rf3 h5 42.Ra3 Ra5
43.Kc3 f4 44.Kb4 Re5 45.a5 fxg3 46.fxg3 h4 47.g4 f5 48.gxf5+ Kxf5 49.a6  1-0

[Event "ch-CZE"]
[Site "Ostrava CZE"]
[Date "2010.05.03"]
[Round "3"]
[White "Sikorova,O"]
[Black "Voloshin,L"]
[Result "1/2-1/2"]
[WhiteElo "2268"]
[BlackElo "2452"]

1.e4 c5 2.Nf3 d6 3.Bb5+ Bd7 4.Bxd7+ Qxd7 5.O-O Nf6 6.Qe2 Nc6 7.c3 e6 8.d4 cxd4
9.cxd4 d5 10.e5 Ne4 11.Nbd2 Nxd2 12.Bxd2 Be7 13.Rac1 O-O 14.Rc2 Rfc8 15.Rfc1 a6
16.h3 Na7 17.Qd3 h6 18.Qb3 Rxc2 19.Rxc2 Rc8 20.Rxc8+ Nxc8 21.Ne1 Qc7 22.Nc2 Na7
23.g3 Qc6 24.Kg2 Qb5 25.Qxb5 Nxb5 26.f4 f5 27.h4 g6 28.Kf3 Kf7 29.Ba5 Na7
30.Bb4 Nc6 31.Bxe7 Kxe7 32.Ke3 Na5 33.b3 Nc6 34.Ne1 b6 35.Nc2 a5 36.Kd3 Nb4+
37.Nxb4 axb4 38.Ke3 Kf7 39.Kf3  1/2-1/2

[Event "FSGM May"]
[Site "Budapest HUN"]
[Date "2010.05.06"]
[Round "6"]
[White "Kovalev,An"]
[Black "Papp,Ge"]
[Result "1-0"]
[WhiteElo "2518"]
[BlackElo "2400"]

1.e4 c5 2.Nf3 d6 3.Bb5+ Nd7 4.d4 a6 5.Bxd7+ Bxd7 6.Nc3 e6 7.dxc5 dxc5 8.O-O Qc7
9.Bg5 Ne7 10.Qd2 Ng6 11.Rfd1 f6 12.Be3 Be7 13.a4 Rd8 14.Qe2 Kf7 15.Qc4 Qa5
16.Qe2 Bc6 17.Nd2 Qb4 18.Rdb1 f5 19.Qh5 Bf6 20.Ra3 c4 21.a5 Rhe8 22.Nf3 Kg8
23.h3 Bxe4 24.Nxe4 fxe4 25.c3 Qf8 26.Nd2 Be7 27.Ra4 Qf5 28.Qe2 Nh4 29.Qg4 Rxd2
30.Bxd2 Rd8 31.Be3 Qd5 32.Qe2 Qd3 33.Qxd3 exd3 34.Rxc4 Rd7 35.Rd4  1-0

[Event "ch-CZE"]
[Site "Ostrava CZE"]
[Date "2010.05.06"]
[Round "6"]
[White "Novotny,M1"]
[Black "Kratochvil,Jo"]
[Result "0-1"]
[WhiteElo "2250"]
[BlackElo "2307"]

1.e4 c5 2.Nf3 d6 3.Bb5+ Nd7 4.d4 Nf6 5.Nc3 cxd4 6.Qxd4 g6 7.e5 dxe5 8.Qxe5 Bg7
9.O-O O-O 10.Qd4 a6 11.Be2 Re8 12.Qh4 b5 13.a4 Qa5 14.Bh6 b4 15.Bxg7 Kxg7
16.Ne4 Bb7 17.Ned2 Rac8 18.Nc4 Qc5 19.b3 Nb6 20.Nfe5 Nxc4 21.Nxc4 Red8 22.Qh3 a5
23.Qe3 Ba6 24.Rfe1 Bxc4 25.Bxc4 Qxe3 26.Rxe3 e6 27.Re5 Nd5 28.g3 Kf6 29.Rae1 Rc5
30.g4 h6 31.h4 g5 32.Kh2 Rdc8 33.hxg5+ hxg5 34.Kg3 Nb6 35.Rxc5 Rxc5 36.Bd3 Rc3
37.Re3 Nd5 38.Rf3+ Nf4 39.Bh7 Rc8 40.Bd3 Rh8  0-1

[Event "ch-CZE"]
[Site "Ostrava CZE"]
[Date "2010.05.07"]
[Round "7"]
[White "Olsarova,K"]
[Black "Sobek,J"]
[Result "0-1"]
[WhiteElo "2191"]
[BlackElo "2303"]

1.e4 c5 2.Nf3 d6 3.Bb5+ Bd7 4.Bxd7+ Qxd7 5.c4 Nf6 6.Nc3 Nc6 7.d4 cxd4 8.Nxd4 g6
9.O-O Bg7 10.Nde2 O-O 11.f3 Qd8 12.Be3 Qa5 13.Rc1 Rfc8 14.b3 a6 15.a4 Nd7
16.Kh1 Nc5 17.Nd5 Qd8 18.a5 Rab8 19.Nb6 Rc7 20.Qc2 Qe8 21.Rfd1 Nd7 22.Nxd7 Rxd7
23.Qd2 Rdd8 24.Bb6 Rdc8 25.f4 Bh6 26.Qe1 Bf8 27.Qg3 e6 28.Nc3 Qe7 29.Rd3 Qf6
30.Na4 Be7 31.Rf1 Nb4 32.Rdd1 Nc6 33.Qe1 Re8 34.Bc7 Rbc8 35.Bxd6 Bxd6 36.Rxd6 Rcd8
37.e5 Qf5 38.Qd2 Rxd6 39.exd6 Nxa5 40.d7 Rd8 41.Qd6 Nxb3 42.Qc7 Qf6 43.Qxb7 Nd2
44.Rc1 Qd4 45.Nb6 Ne4 46.g3 Qd2 47.Rf1 Nf2+ 48.Kg2 Ng4+ 49.Kh3 Qxh2+  0-1

[Event "ch-UKR"]
[Site "Alushta UKR"]
[Date "2010.05.09"]
[Round "7"]
[White "Kutsyj,A"]
[Black "Stratulat,S"]
[Result "0-1"]
[WhiteElo "2343"]
[BlackElo "2236"]

1.e4 c5 2.Nf3 d6 3.Bb5+ Bd7 4.Bxd7+ Qxd7 5.O-O Nc6 6.c3 f5 7.exf5 Qxf5 8.d4 Nf6
9.dxc5 Qxc5 10.Nd4 Qd5 11.Be3 g6 12.c4 Qxc4 13.Na3 Qd5 14.Nab5 Rc8 15.Qa4 Nd7
16.Nxc6 Rxc6 17.Rfd1 Qc4 18.Qxc4 Rxc4 19.b3 Rc2 20.Bd4 Rg8 21.Nxa7 Bh6 22.Nb5 Nb8
23.Na3 Re2 24.f3 Nc6 25.Bc3 Be3+ 26.Kh1 Bc5 27.Nb5 Kd7 28.a4 Rc8 29.Rac1 Be3
30.Re1 Bxc1 31.Rxe2 Na7 32.Bd4 Nxb5 33.axb5 e5 34.Bf2 Rc3 35.Re1 Bb2 36.Re3 Rc1+
37.Re1 Rc3 38.Re3 Rxe3 39.Bxe3 d5 40.Kg1 Kd6 41.Kf2 Ba3 42.Ke2 Bc5 43.Bh6 Kc7
44.Kd3 Kb6 45.h3 Kxb5 46.Bd2 Kc6 47.Bh6 Kd7 48.Bd2 Ke6 49.g4 Kf6 50.Bc1 Bb4
51.Be3 Be1 52.Bc1 Bg3 53.Be3 Be1 54.Bc1 Bh4 55.Bd2 Bg5 56.Ba5 Ke7 57.Bb4+ Kd7
58.Bc3 Bf4 59.Bb4 b6 60.Ba3 Ke6 61.Bb4 Kf6 62.Ba3 Bh6 63.Bb2 Bf4 64.Ba3 h5
65.Bb4 Bc1 66.Bd6 Bb2 67.Bc7 Kg5 68.Bxb6 Kh4 69.Bc7 Kxh3 70.gxh5 gxh5 71.b4 Kg3
72.f4 Kxf4 73.b5 Kf3 74.b6 e4+ 75.Kc2 Bd4 76.b7 Ba7 77.b8=Q Bxb8 78.Bxb8 h4  0-1

[Event "ch-Commonwealth"]
[Site "Delhi IND"]
[Date "2010.05.10"]
[Round "1"]
[White "Dzhumaev,M"]
[Black "Neetakshya,S"]
[Result "1-0"]
[WhiteElo "2495"]
[BlackElo "1897"]

1.e4 c5 2.Nf3 d6 3.Bb5+ Bd7 4.Bxd7+ Qxd7 5.O-O Nc6 6.c3 Nf6 7.Qe2 e6 8.a3 Be7
9.b4 cxb4 10.axb4 O-O 11.d3 a6 12.Nbd2 b5 13.Nb3 Rfc8 14.Bd2 Qb7 15.Ne1 Nd7
16.f4 Bf6 17.d4 Nb6 18.Nd3 Nc4 19.e5 Be7 20.f5 exf5 21.e6 fxe6 22.Qxe6+ Kh8
23.Nf4 Nb6 24.Rf3 Qd7 25.Ng6+  1-0

[Event "ch-UKR"]
[Site "Alushta UKR"]
[Date "2010.05.11"]
[Round "9"]
[White "Nikolaev,L"]
[Black "Dolgopolov,Alexander"]
[Result "0-1"]
[WhiteElo "2334"]
[BlackElo "2283"]

1.e4 c5 2.Nf3 d6 3.Bb5+ Nd7 4.d4 cxd4 5.Qxd4 a6 6.Bxd7+ Bxd7 7.Bg5 h6 8.Bh4 Rc8
9.Nc3 e5 10.Qd3 g5 11.Bg3 Nf6 12.h4 g4 13.Nd2 h5 14.Nc4 Be6 15.Ne3 Qb6 16.O-O Qd4
17.Rfd1 Qxd3 18.cxd3 b5 19.d4 Rxc3 20.bxc3 Nxe4 21.dxe5 Nxc3 22.Re1 d5 23.Bf4 d4
24.Nc2 Bc5 25.Bd2 b4 26.Bxc3 dxc3  0-1

[Event "ch-Commonwealth"]
[Site "Delhi IND"]
[Date "2010.05.11"]
[Round "3"]
[White "Shreyansh,D"]
[Black "Bakre,T"]
[Result "0-1"]
[WhiteElo "2287"]
[BlackElo "2483"]

1.e4 c5 2.Nf3 d6 3.Bb5+ Bd7 4.Bxd7+ Qxd7 5.O-O Nc6 6.c3 Nf6 7.Qe2 e6 8.d4 cxd4
9.cxd4 d5 10.e5 Ne4 11.Rd1 Be7 12.Be3 O-O 13.Ne1 f6 14.f3 Ng5 15.Nd3 fxe5
16.dxe5 Nf7 17.Bf2 Qc7 18.Nc3 Ncxe5 19.Nxe5 Qxe5 20.Qxe5 Nxe5 21.Re1 Bf6
22.Bg3 Nc4 23.Rxe6 Rfd8 24.Nb5 Rd7 25.Rae1 Bxb2 26.Rd1 a6 27.Nc7 Rc8 28.Nxd5 Rcd8
29.Re4 b5 30.Ne7+ Kf7 31.Rxd7 Rxd7 32.Nc6 Bf6 33.Kf2 Rd1 34.Re2 Ra1 35.Rc2 Nb2
36.Ke2 Rxa2 37.Be5 Bxe5 38.Nxe5+ Ke6 39.Nc6 Na4 40.Rxa2 Nc3+ 41.Kd2 Nxa2
42.Nb8 Nb4 43.Kc3 a5  0-1

[Event "46th Capablanca Memorial Open A"]
[Site "Havana CUB"]
[Date "2010.05.11"]
[Round "1.10"]
[White "Diaz Hernandez,H"]
[Black "Abreu Delgado,A"]
[Result "1/2-1/2"]
[WhiteElo "2300"]
[BlackElo "2485"]

1.e4 c5 2.Nf3 d6 3.Bb5+ Bd7 4.Bxd7+ Qxd7 5.O-O Nf6 6.Re1 Nc6 7.c3 e6 8.d4 cxd4
9.cxd4 d5 10.e5 Ne4 11.Nbd2 Nxd2 12.Bxd2 Be7 13.Rc1 O-O 14.Bg5 Rfc8 15.Bxe7 Nxe7
16.Re3 Rxc1 17.Qxc1 Rc8 18.Rc3 Rxc3 19.Qxc3 Qa4 20.g3 Nc6 21.a3 a5 22.Kg2 h6
23.Qd3 b5 24.b3 Qxa3 25.Qxb5 Qc1 26.Qb7 g6 27.h3 Qc2 28.Qa6 Kg7 29.Qb6 Nb4
30.Qxa5 Nd3 31.Qd2 Qxb3 32.h4  1/2-1/2

[Event "46th Capablanca Memorial Open A"]
[Site "Havana CUB"]
[Date "2010.05.12"]
[Round "2.23"]
[White "Arribas Robaina,M"]
[Black "Delgado Ramos,H"]
[Result "1/2-1/2"]
[WhiteElo "2300"]
[BlackElo "2480"]

1.e4 c5 2.Nf3 d6 3.Bb5+ Nd7 4.O-O a6 5.Bxd7+ Bxd7 6.c3 Nf6 7.Re1 e6 8.d4 cxd4
9.cxd4 d5 10.e5 Ne4 11.Qb3 Bc6 12.Be3 Be7 13.Nbd2 O-O 14.Rac1 Qa5 15.a3 Rac8
16.h4 Rc7 17.Qd3 Rfc8 18.Qb1 Qa4 19.h5 Nxd2 20.Bxd2 h6 21.Be3 Be8 22.Rxc7 Rxc7
23.Rc1 Rxc1+ 24.Qxc1 Bc6 25.Kh2 Qb3 26.g4 Qd3 27.Kg3 f5 28.exf6 gxf6 29.Bxh6 Bd6+
30.Kg2 Qe4 31.Qe3 Qxg4+ 32.Kf1 Kf7 33.Ke1 Qf5 34.Kd2 Ba4 35.Qd3 Qxh5 36.Qh7+ Ke8
37.Qh8+ Kd7 38.Qxf6 Bb5 39.Bf8 Qh7 40.Bxd6 Qd3+ 41.Kc1 Qf1+ 42.Kc2 Ba4+ 43.b3 Qxf2+
44.Kc1 Qe3+ 45.Nd2 Qc3+ 46.Kb1 Qd3+ 47.Kc1  1/2-1/2

[Event "40th Bosna Open"]
[Site "Sarajevo BIH"]
[Date "2010.05.12"]
[Round "8"]
[White "Tutic,R"]
[Black "Kosintseva,N"]
[Result "0-1"]
[WhiteElo "2195"]
[BlackElo "2553"]

1.e4 c5 2.Nf3 d6 3.Bb5+ Nc6 4.d4 cxd4 5.Qxd4 Bd7 6.Bxc6 Bxc6 7.Nc3 Nf6 8.Bg5 e6
9.O-O Be7 10.Rad1 O-O 11.h3 Qc7 12.e5 dxe5 13.Nxe5 Rfd8 14.Qe3 Be8 15.Rfe1 b5
16.Ng4 Nxg4 17.hxg4 Bxg5 18.Qxg5 h6 19.Rxd8 Rxd8 20.Qe3 b4 21.Ne4 Qxc2 22.g5 Rd1
23.gxh6 Rxe1+ 24.Qxe1 Bc6 25.Ng3 Qxb2 26.hxg7 Qd4 27.Qc1 Qd5 28.f3 Qd4+ 29.Kf1 Bb5+
30.Ke1 Qg1+  0-1

[Event "46th Capablanca Memorial Open A"]
[Site "Havana CUB"]
[Date "2010.05.13"]
[Round "3.37"]
[White "Balanza Llama,Claudia De La C."]
[Black "Mendez Fortes,E"]
[Result "0-1"]
[WhiteElo "1976"]
[BlackElo "2316"]

1.e4 c5 2.Nf3 d6 3.Bb5+ Nd7 4.d4 cxd4 5.Qxd4 e5 6.Qd3 h6 7.O-O Nf6 8.c4 Be7
9.Nc3 O-O 10.Bxd7 Bxd7 11.b3 a6 12.Rd1 Rc8 13.Ba3 Qa5 14.Bb2 b5 15.cxb5 axb5
16.a4 bxa4 17.bxa4 Rb8 18.Qd2 Ra8 19.Ne1 Rfc8 20.Nc2 Bc6 21.Qd3 Rab8 22.Na3 Qa8
23.Nab5 Nxe4 24.f3 Nc5 25.Qf5 Nb3 26.Ra2 Nd4 27.Nxd4 exd4 28.Ne4 Bd5 29.Rda1 Be6
30.Qf4 Bxa2  0-1

[Event "46th Capablanca Memorial Open A"]
[Site "Havana CUB"]
[Date "2010.05.14"]
[Round "4.25"]
[White "Pina Vega,S"]
[Black "Alarcon Casellas,Rol"]
[Result "0-1"]
[WhiteElo "2298"]
[BlackElo "2448"]

1.e4 c5 2.Nf3 d6 3.Bb5+ Nd7 4.O-O Nf6 5.Re1 a6 6.Bf1 b6 7.c4 Bb7 8.Nc3 e6
9.d3 Be7 10.h3 O-O 11.Nh2 Ne5 12.f4 Nc6 13.g4 Ne8 14.g5 Nc7 15.Bg2 b5 16.h4 Rb8
17.Ng4 Nd4 18.Be3 f5 19.gxf6 Bxf6 20.h5 bxc4 21.dxc4 e5 22.Nxf6+ Qxf6 23.f5 Qf7
24.b3 Ne8 25.Nd5 Bxd5 26.cxd5 Nf6 27.h6 Kh8 28.Bxd4 cxd4 29.Rc1 gxh6 30.Rc6 Rbd8
31.Bf3 Qg8+ 32.Kf1 Nxd5 33.Qd2 Nf4 34.Qh2 Qg5 35.Rxa6 Rg8 36.Rd1 Rc8 37.Rd2 Rc1+
38.Bd1 Qg4  0-1

[Event "TCh-UKR Clubs"]
[Site "Alushta UKR"]
[Date "2010.05.15"]
[Round "4"]
[White "Smolin,Dmy"]
[Black "Mamonova,Y"]
[Result "1-0"]
[WhiteElo "2160"]
[BlackElo "2022"]

1.e4 c5 2.Nf3 d6 3.Bb5+ Bd7 4.Bxd7+ Qxd7 5.O-O Nc6 6.c3 Nf6 7.Re1 e6 8.d4 cxd4
9.cxd4 d5 10.e5 Ne4 11.Nbd2 Nxd2 12.Bxd2 Be7 13.h4 h6 14.Be3 Rc8 15.a3 O-O
16.b4 b5 17.Nh2 Qd8 18.g3 f5 19.exf6 Bxf6 20.Qg4 e5 21.dxe5 Bxe5 22.Rad1 d4
23.Bxh6 Qf6 24.f4 Qxh6 25.fxe5 Rcd8 26.Qe4 Qe6 27.Rd3 Rf5 28.Nf3 Qg6 29.Kg2 Rdf8
30.e6 Qf6 31.Qxc6  1-0

[Event "BEL-VSF"]
[Site "Gent BEL"]
[Date "2010.05.15"]
[Round "5"]
[White "Larmuseau,Ma"]
[Black "Van der Stricht,G"]
[Result "1-0"]
[WhiteElo "2267"]
[BlackElo "2400"]

1.e4 c5 2.Nf3 d6 3.Bb5+ Bd7 4.Bxd7+ Nxd7 5.O-O Ngf6 6.Re1 e6 7.c3 Be7 8.d4 cxd4
9.cxd4 d5 10.e5 Ne4 11.Nfd2 Nxd2 12.Bxd2 b5 13.Qg4 Kf8 14.Nc3 h5 15.Qf3 Kg8
16.Nxb5 Rb8 17.Qd3 a6 18.Nd6 Bxd6 19.exd6 Rxb2 20.Rec1 Nf8 21.Bc3 Rb8 22.Qxa6 Rb6
23.Ba5 Rxd6 24.Qb5 Qa8 25.Rc7 Ra6 26.Bb4 Rxa2 27.Rxa2 Qxa2 28.Bxf8 Kh7 29.Qd3+ Kh6
30.Rxf7 Qa1+ 31.Qf1  1-0

[Event "46th Capablanca Memorial Open A"]
[Site "Havana CUB"]
[Date "2010.05.15"]
[Round "5.42"]
[White "Balanza Llama,Claudia De La C."]
[Black "Hernandez,Ra"]
[Result "0-1"]
[WhiteElo "1976"]
[BlackElo "2293"]

1.e4 c5 2.Nf3 d6 3.Bb5+ Nd7 4.d4 Nf6 5.Nc3 cxd4 6.Qxd4 e5 7.Qd3 h6 8.O-O Be7
9.Ne2 O-O 10.Bxd7 Bxd7 11.c4 Rc8 12.b3 Qc7 13.Nc3 a6 14.Bb2 b5 15.cxb5 axb5
16.Rfc1 Qb7 17.Nd2 Bc6 18.f3 Nh5 19.Ne2 Rfd8 20.Nf1 d5 21.exd5 Rxd5 22.Qf5 g6
23.Qg4 Rcd8 24.Qe4 Bg5 25.Rc3 Qb6+ 26.Kh1 Bb7 27.Qc2 Qf2 28.Rc7 R5d7 29.Rxd7 Rxd7
30.Ba3 Nf4 31.Nd4 Qxd4 32.Bb2 Qd3  0-1

[Event "46th Capablanca Memorial Open A"]
[Site "Havana CUB"]
[Date "2010.05.15"]
[Round "5.34"]
[White "Estrada Nieto,J"]
[Black "Forgas Moreno,Y"]
[Result "1-0"]
[WhiteElo "2316"]
[BlackElo "2093"]

1.e4 c5 2.Nf3 d6 3.Bb5+ Nd7 4.d4 Nf6 5.Nc3 a6 6.Bxd7+ Nxd7 7.a4 e6 8.Bg5 Qc7
9.O-O h6 10.Bh4 cxd4 11.Nxd4 Ne5 12.f4 Ng6 13.Bg3 Bd7 14.f5 Ne7 15.fxe6 fxe6
16.Qh5+ g6 17.Qf3 Qc4 18.Qf7+ Kd8 19.Qf6 Rg8 20.Bxd6 Rc8 21.Rad1 Rc6 22.Nxc6+ Qxc6
23.Qf7 Rh8 24.Qxf8+  1-0

[Event "TCh-UKR Clubs"]
[Site "Alushta UKR"]
[Date "2010.05.16"]
[Round "6"]
[White "Meleshko,V"]
[Black "Strygin,A"]
[Result "1-0"]
[WhiteElo "2215"]
[BlackElo "2261"]

1.e4 c5 2.Nf3 d6 3.Bb5+ Bd7 4.Bxd7+ Nxd7 5.b3 Ngf6 6.Qe2 g6 7.Bb2 Bg7 8.O-O O-O
9.c4 Qc7 10.d4 cxd4 11.Nxd4 b6 12.Nc3 Qb7 13.Rad1 Rfe8 14.f4 Nc5 15.Rfe1 Nfd7
16.Nd5 Rac8 17.Nf3 Nf6 18.e5 Nxd5 19.Rxd5 dxe5 20.Bxe5 Nd7 21.Bxg7 Kxg7 22.Red1 Nf6
23.R5d4 Rc7 24.Qe5 Rc5 25.Qe3 Rec8 26.Ne5 R5c7 27.f5 b5 28.fxg6 fxg6 29.Nd7 Re8
30.Nxf6 Kxf6 31.Rf1+ Kg7 32.Qe5+ Kg8 33.Qe6+ Kh8 34.Rf7 Rc5 35.Rh4  1-0

[Event "4th All China Games Rapid"]
[Site "Hefei CHN"]
[Date "2010.05.17"]
[Round "1"]
[White "Xu Yuhua"]
[Black "Ding Yixin"]
[Result "1/2-1/2"]
[WhiteElo "2484"]
[BlackElo "2327"]

1.e4 c5 2.Nf3 d6 3.Bb5+ Bd7 4.Bxd7+ Qxd7 5.c4 Nf6 6.Nc3 g6 7.d4 cxd4 8.Nxd4 Bg7
9.f3 O-O 10.Be3 Rc8 11.b3 a6 12.a4 Qc7 13.O-O Qa5 14.Nde2 Nc6 15.Kh1 Nd7
16.Bd2 Qc5 17.Rb1 Nb4 18.Bf4 Ne5 19.Qd2 e6 20.Be3 Qc7 21.f4 Ng4 22.Bd4 Bxd4
23.Nxd4 d5 24.exd5 exd5 25.h3 Nf6 26.f5 Nh5 27.Nce2 Nc6 28.fxg6 hxg6 29.cxd5 Nxd4
30.Qxd4 Re8 31.Rfc1 Qd6 32.Nc3 Ng3+ 33.Kg1 Rac8 34.Re1 Red8 35.Rbd1 Nf5 36.Ne4 Nxd4
37.Nxd6 Nf3+ 38.gxf3 Rxd6 39.Rd3 Rc2 40.Re4 b5 41.Kf1 bxa4 42.Rxa4 Rc5 43.Rad4 Kg7
44.Ke2 Kf6 45.Ke3 Ke5 46.Re4+ Kf6 47.Rf4+ Ke7 48.Rfd4 f5 49.h4 Kf6 50.Kf4 a5
51.Rc4 Rcxd5 52.Rxd5 Rxd5 53.Rc6+ Kf7 54.Kg5 f4+ 55.Kxf4 Rb5 56.Rc3 Kf6 57.Ke3 Rb4
58.f4 Kf5 59.Rc5+ Kg4 60.Rxa5 Rxb3+ 61.Ke4  1/2-1/2

[Event "TCh-UKR Clubs"]
[Site "Alushta UKR"]
[Date "2010.05.18"]
[Round "9"]
[White "Voronov,Y"]
[Black "Sharapov,E"]
[Result "0-1"]
[WhiteElo "2280"]
[BlackElo "2498"]

1.e4 c5 2.Nf3 d6 3.Bb5+ Bd7 4.Bxd7+ Qxd7 5.O-O Nc6 6.c3 Nf6 7.d4 cxd4 8.cxd4 d5
9.e5 Ne4 10.Re1 e6 11.Nbd2 Nxd2 12.Bxd2 Be7 13.a3 O-O 14.Rc1 Rfc8 15.Rc3 b5
16.h4 b4 17.Rd3 Na5 18.Ng5 Nc4 19.Bc1 bxa3 20.bxa3 Bxg5 21.hxg5 Qb5 22.Qf3 Rab8
23.Kh2 Qb1 24.Rc3 a5 25.Rd1 a4 26.Bf4 Qb2 27.Rdd3 Na5 28.Rxc8+ Rxc8 29.Bd2 Nb3
30.Bb4 Rc2 31.Rc3 Rxc3 32.Qxc3 Qxc3 33.Bxc3 Nc1 34.g3 h6 35.gxh6 gxh6 36.Kg2 Kh7
37.Kf3 Kg6 38.Ke3 h5 39.Be1 f6 40.exf6 Kxf6 41.Kd2 Nb3+ 42.Kc3 e5 43.dxe5+ Kxe5
44.Kb4 Kd4 45.f3 Ke3 46.Kxa4 Nd4 47.f4 Nc2 48.f5 Nxe1 49.f6 Nd3 50.f7 Nc5+
51.Kb5 Ne6 52.Kc6 d4 53.Kd6 Nf8 54.Ke7 Nh7  0-1

[Event "Campomanes Mem WIM"]
[Site "Ankara TUR"]
[Date "2010.05.18"]
[Round "4"]
[White "Kaya,E"]
[Black "Tsatsalashvili,K"]
[Result "0-1"]
[WhiteElo "2006"]
[BlackElo "2257"]

1.e4 c5 2.Nf3 d6 3.Bb5+ Nc6 4.d4 cxd4 5.Qxd4 Bd7 6.Bxc6 Bxc6 7.Nc3 e5 8.Qd3 h6
9.Be3 Nf6 10.O-O-O Be7 11.h3 Qa5 12.Nd2 O-O 13.Nb3 Qc7 14.g4 b5 15.g5 hxg5
16.h4 g4 17.Bg5 b4 18.Bxf6 bxc3 19.Bxe7 cxb2+ 20.Kxb2 Qxe7 21.Qxd6 Qxd6 22.Rxd6 Bxe4
23.Re1 f5 24.c4 Rfd8 25.c5 Rxd6 26.cxd6 Rd8 27.Rd1 Kf7 28.Nc5 Bc6 29.Kc3 Kf6
30.Kc4 Bf3 31.Rd2 f4 32.d7 Ke7 33.Rb2 g3 34.fxg3 fxg3 35.Kd3 Bc6 36.Ke3 Rf8
37.Ne4 Rf4  0-1

[Event "46th Capablanca Memorial Open A"]
[Site "Havana CUB"]
[Date "2010.05.18"]
[Round "7.39"]
[White "Zavarce,Oscar Enrique"]
[Black "Morales Romero,R"]
[Result "1-0"]
[WhiteElo "2223"]
[BlackElo "2323"]

1.e4 c5 2.Nf3 d6 3.Bb5+ Bd7 4.Bxd7+ Qxd7 5.O-O Nf6 6.Qe2 Nc6 7.Rd1 e6 8.d4 cxd4
9.Nxd4 a6 10.c4 Rc8 11.b3 Be7 12.Bb2 O-O 13.Nc3 Qc7 14.Rac1 Rfd8 15.Nc2 Qa5
16.a3 Qb6 17.b4 Ne5 18.Ne3 Rc6 19.Na4 Qc7 20.f4 Ng6 21.Qf3 b5 22.cxb5 axb5
23.e5 Nd5 24.Nxd5 exd5 25.Nc3 dxe5 26.Nxd5 Rxc1 27.Bxc1 Nh4 28.Qd3  1-0

[Event "46th Capablanca Memorial Open A"]
[Site "Havana CUB"]
[Date "2010.05.18"]
[Round "7.48"]
[White "Arribas Robaina,M"]
[Black "Fleites Marti,Y"]
[Result "1-0"]
[WhiteElo "2300"]
[BlackElo "2167"]

1.e4 c5 2.Nf3 d6 3.Bb5+ Bd7 4.Bxd7+ Qxd7 5.O-O Nc6 6.c4 g6 7.Nc3 Bg7 8.a3 Nf6
9.Re1 O-O 10.Rb1 a5 11.d3 Rfc8 12.h3 e6 13.Be3 b6 14.Qe2 d5 15.exd5 exd5
16.Bg5 Re8 17.Qc2 dxc4 18.dxc4 Nd4 19.Nxd4 Qxd4 20.Nb5 Rxe1+ 21.Rxe1 Qd7
22.Rd1 Qe7 23.b3 Qe5 24.Be3 Re8 25.a4 Nh5 26.Rd5 Qa1+ 27.Qd1 Qxd1+ 28.Rxd1 Be5
29.Rd7 Nf6 30.Rd3 Ne4 31.g3 Kg7 32.Kg2 Re7 33.Rd8 f5 34.Kf3 h5 35.h4 Kf7
36.Bh6 Nf6 37.Bg5 Re6 38.Rc8 Re8 39.Bxf6 Rxc8 40.Bxe5 Ke6 41.Bc7  1-0

[Event "4th All China Games Rapid"]
[Site "Hefei CHN"]
[Date "2010.05.18"]
[Round "3"]
[White "Ni Hua"]
[Black "Liu Qingnan"]
[Result "1/2-1/2"]
[WhiteElo "2667"]
[BlackElo "2438"]

1.e4 c5 2.Nf3 d6 3.Bb5+ Nd7 4.d4 cxd4 5.Qxd4 a6 6.Bxd7+ Bxd7 7.O-O Bc6 8.Bg5 h6
9.Bh4 Qc7 10.c4 e5 11.Qd3 g5 12.Bg3 Ne7 13.Nc3 Bg7 14.Rfd1 Rd8 15.b4 f5 16.exf5 O-O
17.Rac1 Nxf5 18.Nd2 Qf7 19.Nde4 Nd4 20.a4 Qg6 21.b5 axb5 22.axb5 Bxe4 23.Nxe4 h5
24.f3 g4 25.fxg4 Qxg4 26.h3 Qe2 27.Qb1 Qe3+ 28.Kh2 Nf5 29.Qd3 Qxd3 30.Rxd3 Nd4
31.Bh4 Rd7 32.Bg5 Rc8 33.Rcc3 Ne2 34.Rc2 Nd4 35.Rcc3 Ne2 36.Ra3 Nd4 37.Ra4 Kf7
38.Bd2 Ke6 39.Rg3 d5 40.Ng5+ Kf5 41.cxd5 Rxd5 42.Nf3 Bf6 43.Nxd4+ Rxd4 44.Rf3+ Ke6
45.Ra2 e4 46.Rf1 Be5+ 47.Bf4 Rc5 48.Bxe5 Rxe5 49.b6 Rb4 50.Ra8 e3 51.Re1 Kf5
52.Ra3 Kf4 53.Rf1+ Ke4 54.Re1 Kd4 55.Rd1+ Kc5 56.Re1 Rbe4 57.Rb3 Kc4 58.Ra3 Kc5
59.Rb3 e2 60.Kg1 Rd4 61.Rb2 Rd1 62.Kf2 Rxe1 63.Kxe1 Rg5 64.Rxe2 Kxb6  1/2-1/2

[Event "4th All China Games Rapid"]
[Site "Hefei CHN"]
[Date "2010.05.18"]
[Round "5"]
[White "Wang Chen"]
[Black "Xu Jun"]
[Result "1-0"]
[WhiteElo "2399"]
[BlackElo "2508"]

1.e4 c5 2.Nf3 d6 3.Bb5+ Nd7 4.O-O a6 5.Bxd7+ Bxd7 6.c3 e6 7.d4 Ne7 8.Bg5 Qc7
9.Bh4 Ng6 10.Bg3 Be7 11.Nbd2 O-O 12.Re1 Rfd8 13.Qe2 cxd4 14.Nxd4 Bf6 15.Rad1 Bxd4
16.cxd4 Bb5 17.Qe3 Qc2 18.h4 h6 19.h5 Nf8 20.Rc1 Qxb2 21.a4 Be8 22.Rb1 Qc2
23.Rec1 Qxa4 24.Nc4 Rac8 25.Nxd6 Rxc1+ 26.Rxc1 Bc6 27.Qf4 Rd7 28.Qe5 Qa3
29.Rd1 Qb3 30.Rc1 Qb2 31.Qc5 Qd2 32.Be5 Rd8 33.Qa3 Nd7 34.Nc4 Qe2 35.Qe7 Rf8
36.d5 exd5 37.exd5 Bb5 38.Ne3 Nxe5 39.Qxe5 Re8 40.Qf4 Qxh5 41.Rc7 Qg6 42.Rxb7 Re4
43.Qc7 Rd4 44.Qd8+ Kh7 45.Rb8 Qb1+ 46.Kh2 Qe4 47.Qg8+ Kg6 48.Rb6+ f6 49.Rb7 Qe5+
50.Kg1 f5 51.Rb6+ Kg5 52.g3 Qc7 53.Qe6 Qc1+ 54.Kh2  1-0

[Event "4th All China Games Rapid"]
[Site "Hefei CHN"]
[Date "2010.05.18"]
[Round "6"]
[White "Liang Jinrong"]
[Black "Ju Wenjun"]
[Result "1/2-1/2"]
[WhiteElo "2462"]
[BlackElo "2500"]

1.e4 c5 2.Nf3 d6 3.Bb5+ Bd7 4.Bxd7+ Qxd7 5.c4 e5 6.O-O Be7 7.Nc3 Nc6 8.d3 Bd8
9.Bd2 Nge7 10.Nd5 a5 11.Nxe7  1/2-1/2